Statistics for Central Michigan Basketball: Top 10 All-Time Leaders

Click here to take the quiz!

General Stats

  • This quiz has been taken 0 times
  • The average score is 0 of 90

Answer Stats

Category#PlayerAmount% Correct
Games8Austin Keel124
0%
Games10Austin Stewart122
0%
Rebounds3Ben Poquette813
0%
GamesT6Blake Hibbitts125
0%
Steals9Braylon Rayson131
0%
Three Pointers Made3Braylon Rayson271
0%
GamesT4Braylon Rayson127
0%
Points3Braylon Rayson1,885
0%
BlocksT8Brian Taylor84
0%
Rebounds9Brian Taylor615
0%
Points Per Game4Charles Macon17.3
0%
Blocks7Charles Macon90
0%
Points6Chris Fowler1,736
0%
Field Goal Percent9Chris Fowler49.0%
0%
Assists1Chris Fowler686
0%
Steals3Chris Fowler185
0%
Field Goal Percent1Chris Kaman60.8%
0%
Blocks1Chris Kaman182
0%
Rebounds6Chris Kaman707
0%
Field Goal Percent4Dan Majerle53.6%
0%
Blocks5Dan Majerle95
0%
Steals7Dan Majerle160
0%
Points2Dan Majerle2,045
0%
Points Per Game1Dan Majerle21.8
0%
Rebounds2Dan Majerle834
0%
Rebounds1Dan Roundfield1,031
0%
Field Goal Percent3Dan Roundfield54.2%
0%
Points10Dan Roundfield1,318
0%
Points Per Game6Dan Roundfield16.7
0%
Points Per Game7Darian McKinney16.4
0%
Blocks4DaRohn Scott98
0%
BlocksT8Daryl Miller84
0%
Points7David DiLeo1,604
0%
Three Pointers Made1David DiLeo337
0%
Rebounds5David DiLeo733
0%
Games2David DiLeo135
0%
Points Per Game8David Webber16.3
0%
Points4David Webber1,774
0%
Steals10David Webber126
0%
Three Pointers Made9David Webber183
0%
Field Goal Percent2Derek Boldon57.4%
0%
Assists3Derrick Richmond456
0%
Points Per Game3Ervin Leavy17.6
0%
Field Goal Percent7Ervin Leavy51.0%
0%
Steals1Giordan Watson203
0%
Assists2Giordan Watson489
0%
Points5Giordan Watson1,763
0%
Three Pointers Made6Giordan Watson199
0%
Assists6James Newman370
0%
Field Goal Percent5Jeff Heide52.4%
0%
Three Pointers Made10Jeff Majerle180
0%
Rebounds8Jeff Tropf645
0%
Points Per Game5Jim McElroy17.3
0%
Rebounds4John Simons776
0%
Three Pointers Made4John Simons256
0%
GamesT4John Simons127
0%
Steals5Jordan Bitzer169
0%
Three Pointers Made7Jordan Bitzer196
0%
Three Pointers Made2Josh Kozinski306
0%
Games1Josh Kozinski142
0%
Rebounds7Kevin McKay697
0%
Steals4Kevin McKay171
0%
GamesT6Kevin McKay125
0%
Points9Leonard Drake1,338
0%
Rebounds10Leon Guydon582
0%
Blocks2Luke Meyer131
0%
Games3Luke Meyer133
0%
Points Per Game2Mel McLaughlin20.3
0%
Points1Mel McLaughlin2,071
0%
Field Goal Percent8Mel McLaughlin49.7%
0%
Assists8Mel McLaughlin301
0%
Steals2Mel McLaughlin196
0%
Field Goal Percent6Mike Manciel51.8%
0%
Points8Mike Manciel1,399
0%
Blocks6Nate Huffman92
0%
Assists5Pete Lambropoulos371
0%
Assists7Rayshawn Simmons360
0%
Three Pointers Made5Robbie Harman233
0%
Games9Robbie Harman123
0%
Steals6Robbie Harman162
0%
Assists10Ryan Jansen281
0%
Three Pointers Made8Sander Scott187
0%
Blocks3Sefton Barrett105
0%
Points Per Game10Shawn Roundtree15.6
0%
Assists4Tim Kisner434
0%
Steals8Tim Kisner143
0%
Assists9Tony Bowne290
0%
Points Per Game9Trey Zeigler16.0
0%
Field Goal Percent10Val Bracey48.6%
0%
Blocks10William McClure77
0%

Score Distribution

Percentile by Number Answered

Percent of People with Each Score

Your Score History

You have not taken this quiz